| 000 | 00859cam a22002773a 4500 | ||
|---|---|---|---|
| 001 | 0000700 | ||
| 003 | DO-SdBNP | ||
| 005 | 20180125111315.0 | ||
| 007 | 0000700 | ||
| 008 | 861112 2008 sp a 000 0 spa d | ||
| 010 | _a | ||
| 020 | _a9788478886296 | ||
| 040 |
_aBPMSU _cspa _dBPMSU _d |
||
| 100 | 1 |
_aSaint-Exupéry, Antoine de _d1900-1944 |
|
| 240 | 1 | _aLe petit prince / | |
| 245 | 1 | 3 |
_aEl principito _bcon las acuarelas originales del autor / _cAntoine de Saint-Exupéry ; traducción Bonifacio del Carril |
| 260 |
_aBarcelona : _bSalamandra, _c2008. |
||
| 300 |
_a93 p. : _bil. _c22 cm. |
||
| 500 | _aIncluye datos biográficos del autor. | ||
| 500 | _aLibro de pasta dura. | ||
| 600 | 0 | 0 |
_a _x |
| 700 | 1 | 2 |
_aCarril, Bonifacio del _etrad. |
| 942 |
_2ddc _cBK |
||
| 945 | _aInventariado extranjero / 2018 VM | ||
| 956 |
_2YLOCKWARD _310 _8BPMSU |
||
| 999 |
_c11490 _d11490 |
||